Programas de las asignaturas que constituyen la enseñanza en la Escuela Especial de Ingenieros de Montes. (Record no. 153702)

MARC details
000 -LEADER
campo de control de longitud fija 00995nam a22002175i 4500
001 - NÚMERO DE CONTROL
campo de control 153702
003 - IDENTIFICADOR DE NÚMERO DE CONTROL
campo de control ES-MaACL
005 - FECHA Y HORA DE LA ÚLTIMA TRANSACCIÓN
campo de control 20230906205341.0
008 - DATOS DE LONGITUD FIJA--INFORMACIÓN GENERAL
campo de control de longitud fija 990701s1887 sp |||| | spa d
080 ## - NÚMERO DE LA CLASIFICACIÓN DECIMAL UNIVERSAL
Número de la Clasificación Decimal Universal 378.6(460.27 M.):630(073)
110 2# - ENTRADA PRINCIPAL--NOMBRE DE ENTIDAD CORPORATIVA
Nombre de entidad corporativa o nombre de jurisdicción como elemento de entrada Escuela Especial de Ingenieros de Montes (Madrid)
9 (RLIN) 3567
245 10 - MENCIÓN DEL TÍTULO
Título Programas de las asignaturas que constituyen la enseñanza en la Escuela Especial de Ingenieros de Montes.
260 ## - PUBLICACIÓN, DISTRIBUCIÓN, ETC.
Lugar de publicación, distribución, etc. Madrid :
Nombre del editor, distribuidor, etc. [s.n.],
Fecha de publicación, distribución, etc. 1887 (
Fabricante Imp. de Moreno y Rojas)
300 ## - DESCRIPCIÓN FÍSICA
Extensión 102 p. ;
Dimensiones 24 cm.
530 ## - NOTA DISPONIBLE DE FORMULARIO FÍSICO ADICIONAL
Nota de formato físico adicional disponible Disponible en formato digital.
597 ## - NOTA DE DESCRIPCIÓN FÍSICA
NOTA DE DESCRIPCIÓN FÍSICA Port. con esc. del Cuerpo de Ingenieros de Montes.
610 24 - PUNTO DE ACCESO ADICIONAL DE MATERIA--NOMBRE DE ENTIDAD CORPORATIVA
Nombre de entidad corporativa o nombre de jurisdicción como elemento de entrada Escuela Especial de Ingenieros de Montes (Madrid)-
Subdivisión de forma Programas de estudio.
9 (RLIN) 143795
650 #4 - PUNTO DE ACCESO ADICIONAL DE MATERIA--TÉRMINO DE MATERIA
Término de materia o nombre geográfico como elemento de entrada Ingenieros de montes-
Subdivisión geográfica España.
9 (RLIN) 142745
852 ## - LOCALIZACIÓN
Ubicación ES-MaACL
Número de control de estantería G-9536(2)
Nota libre - Enc. hol.
-- - Forma parte de la col. facticia "Varios sobre montes"
856 ## - LOCALIZACIÓN Y ACCESO ELECTRÓNICOS
Identificador Uniforme de Recursos <a href="http://bdh-rd.bne.es/viewer.vm?id=0000126381&page=1 ">http://bdh-rd.bne.es/viewer.vm?id=0000126381&page=1 </a>
Nota pública Biblioteca Digital Hispánica
Holdings
Estatus retirado Estado de pérdida Estado de daño No para préstamo Colección Biblioteca de origen Biblioteca actual Ubicación en estantería Fecha de adquisición Fuente de adquisición Total de préstamos Signatura topográfica completa Código de barras Visto por última vez Precio de reemplazo Tipo de ítem Koha
        Colección digital Biblioteca del Ateneo de Madrid Biblioteca del Ateneo de Madrid Sala Pecera Planta 3 17/01/2008     G-9536(2) 1160685 23/02/2023 23/02/2023 Libro impreso antiguo